Podstata sporu o číselné lotérie
Podstatné časti stanovísk zúčastnených v spore Športka-Niké - telovýchovy a jej a.s. Športka, Ministerstva financií SR - oddelenia lotérií a a.s. Športniké a Niké.
Salvato in:
| Natura: | Capitolo di libro |
|---|---|
| Lingua: | slovacco |
| Soggetti: | |
| Tags: |
Nessun Tag, puoi essere il primo ad aggiungerne!!
|
MARC
| LEADER | 00000naa a2200000 4500 | ||
|---|---|---|---|
| 001 | r015124 | ||
| 005 | 20221213114635.5 | ||
| 041 | 0 | |a slo | |
| 044 | |a SK | ||
| 245 | 1 | 0 | |a Podstata sporu o číselné lotérie |
| 520 | |a Podstatné časti stanovísk zúčastnených v spore Športka-Niké - telovýchovy a jej a.s. Športka, Ministerstva financií SR - oddelenia lotérií a a.s. Športniké a Niké. | ||
| 610 | 2 | 0 | |a lotérie |
| 610 | 2 | 0 | |a Slovensko |
| 610 | 2 | 0 | |a 1994 |
| 610 | 2 | 0 | |a Športka, a.s. |
| 610 | 2 | 0 | |a Niké, s.r.o. Bratislava |
| 610 | 2 | 0 | |a Športniké |